Т. 48; Записки по гидрографии

Bibliografiska uppgifter
Parent link:Записки по гидрографии: научный журнал/ Российская империя, Главное гидрографическое управление (ГГУ). Т. 48.— , 1923-1931, 1933
Språk:ryska
Publicerad: 1924
Materialtyp: MixedMaterials Bok
KOHA link:https://koha.lib.tpu.ru/cgi-bin/koha/opac-detail.pl?biblionumber=537117

MARC

LEADER 00000nam2a2200000 4500
001 537117
005 20231101113849.0
035 |a (RuTPU)RU\TPU\prd\226476 
035 |a RU\TPU\prd\226475 
090 |a 537117 
100 |a 20141126a19249999k y0rusy50 ca 
101 0 |a rus 
102 |a RU 
200 0 |a Т. 48 
210 |d 1924 
461 1 |0 (RuTPU)RU\TPU\prd\187  |t Записки по гидрографии  |o научный журнал  |f Российская империя, Главное гидрографическое управление (ГГУ)  |v Т. 48  |d 1923-1931, 1933 
801 0 |a RU  |b 63413507  |c 20010227  |g PSBO 
801 1 |a RU  |b 63413507  |c 20141126 
801 2 |a RU  |b 63413507  |c 20141126  |g RCR 
942 |c BK 
999 |a НТБ_ТПУ  |b НФ  |e -4/20140109  |p П-2026  |u 0,00  |v 1